[Event "Subang Jaya op 12th"]
[Site "Subang Jaya"]
[Date "2024.01.28"]
[Round "7"]
[White "Low, Tjoon Kun"]
[Black "Shahrul Anuar, Muhammad Adam Hafiz"]
[Result "0-1"]
[WhiteElo "1176"]
[BlackElo "1378"]
[PlyCount "130"]
[EventDate "2024.01.27"]
[EventType "swiss"]
[EventRounds "8"]
[EventCountry "MAS"]
[SourceTitle "CB06_2024"]
[SourceDate "2024.02.07"]
[SourceVersion "1"]
[SourceVersionDate "2024.02.07"]
[SourceQuality "1"]

1. e4 c5 2. Nf3 Nc6 3. d4 cxd4 4. Nxd4 Nf6 5. Nc3 a6 6. Be3 d6 7. f3 e5 8. Nb3 Be7 9. Qd2 Be6 10. 0-0-0 Bxb3 11. cxb3 b5 12. Kb1 0-0 13. g4 Qc7 14. g5 Nh5 15. Bh3 g6 16. Nd5 Qb7 17. Nxe7+ Nxe7 18. Qxd6 Rad8 19. Qxe5 Nc6 20. Qc3 b4 21. Qc2 Ng7 22. Rxd8 Nxd8 23. Rd1 Nde6 24. Qe2 a5 25. Bc1 Qc7 26. Qf2 Rc8 27. Be3 Qe7 28. f4 Nh5 29. f5 Nef4 30. Bg2 Nxg2 31. Qxg2 gxf5 32. Qf3 Qxe4+ 33. Qxe4 fxe4 34. Bb6 Nf4 35. Bxa5 e3 36. Rc1 Re8 37. Bxb4 Nd3 38. Be1 e2 39. Kc2 Rc8+ 40. Kxd3 Rxc1 41. Kxe2 Rc2+ 42. Kd3 Rxb2 43. Bg3 Rxa2 44. b4 Kf8 45. b5 Ke7 46. Kc3 Kd7 47. b6 Kc6 48. Bc7 Rg2 49. Kd4 Rxg5 50. Ke4 h5 51. Kf4 Rb5 52. Kg3 Rb4 53. Kf3 f5 54. Kg3 Rg4+ 55. Kf3 h4 56. Ke3 Rb4 57. Kf3 Kd5 58. Ke3 Ke6 59. Kf3 Kf6 60. Ke3 Kg5 61. Bd8+ Kg4 62. Bc7 f4+ 63. Kf2 Rb2+ 64. Kf1 Kf3 65. Ke1 Ke3 0-1